000 00934nam a2200289 i 4500
001 000011743
003 DO-SdBNP
005 20251027095728.0
007 ta
008 091027s1997 dr r 000 f spa d
040 _aDO-SdBNP
_bspa
_cBNPHU
_erda
041 _aspa
082 4 _aRD863.44
_bA657a
_222
100 1 _aAquino García, Miguel,
_927800
_eautor
245 1 4 _aLos amores del Dios :
_bnovela /
_cMiguel Aquino García.
264 _aSanto Domingo :
_bCorripio,
_c1997.
300 _a222 páginas ;
_c23 cm.
336 _2rdacontent
_atexto
_btxt
337 _2rdamedia
_asin mediación
_bn
338 _2rdacarrier
_avolumen
_bnc
590 _aInventariado, 2019/VM
600 1 4 _aTrujillo Molina, Rafael Leónidas,
_d1891-1961
_vAnécdotas, chistes y sátiras, etc.
_922667
650 0 _aNovela dominicana
_9223
650 0 _aLiteratura dominicana.
_967
910 _aValidado. Control de calidad. MFF
942 _2ddc
_cLBS1
999 _c11418
_d11418